| 000 | 00618nam a2200229 a 4500 | ||
|---|---|---|---|
| 999 |
_c1322 _d1322 |
||
| 008 | 191218t2009 ii ad||g |||| 001 0 eng d | ||
| 020 |
_a9788131519424 _cRs. 585.00 |
||
| 040 |
_aKO _beng |
||
| 041 | 0 | _aeng | |
| 044 | _aii | ||
| 082 | 0 | 4 |
_223 _a338.5024658 _bH616 |
| 100 | 1 | _aHirschey, Mark | |
| 245 | 1 | 0 |
_aManagerial Economics / _cMark Hirschey |
| 250 | _a12th ed. | ||
| 260 |
_aDelhi : _bCengage Learning India Private Limited, _c2009. |
||
| 300 |
_axxvii, 836p. : _bill. ; _c26 cm |
||
| 504 | _aIncludes Index. | ||
| 650 | 0 |
_aManagerial economics _vTextbooks |
|
| 904 | _aA_BOSE | ||
| 942 | _cBK | ||